Betónové konštrukcie : Výkresová dokumentácia.Pomôcka na cvičenie
Guardado en:
| Autores principales: | , |
|---|---|
| Formato: | Libro |
| Lenguaje: | eslovaco |
| Publicado: |
Bratislava :
SVŠT v Bratislave,
1987
|
| Etiquetas: |
Sin Etiquetas, Sea el primero en etiquetar este registro!
|
MARC
| LEADER | 00000nam a22000003a 4500 | ||
|---|---|---|---|
| 001 | stu87210 | ||
| 005 | 20150617225629.6 | ||
| 008 | 040526s1987----cs------------------slo-d | ||
| 040 | |a STU |b slo | ||
| 041 | 0 | |a slo | |
| 044 | |a cs | ||
| 080 | |a 624.012.3/.4(075.8) | ||
| 100 | 1 | |a Hájek, František, |d 1941- |4 aut |u V110 |U SvF Stavebná fakulta |T SvF Katedra betónových konštrukcií a mostov |X 888 |U V110 |Y 11 |7 A000000888 | |
| 245 | 1 | |a Betónové konštrukcie : |b Výkresová dokumentácia.Pomôcka na cvičenie | |
| 260 | |a Bratislava : |b SVŠT v Bratislave, |c 1987 | ||
| 300 | |a 202 s | ||
| 700 | 1 | |a Bolha, Ľubomír, |d 1941- |4 aut |u V110 |U SvF Stavebná fakulta |T SvF Katedra betónových konštrukcií a mostov |X 1002 |U V110 |Y 11 |7 A000001002 | |
| 996 | |b 284V019991 |c V*27475/S-88 |l VVS |s A |a 24 |w stu87210_0001 | ||
| 996 | |b 284V018496 |c V*27474/S-88 |l VVS |s A |a 24 |w stu87210_0002 | ||
| 996 | |b 284V003187 |c V*29537/S-88 |l VVS |s A |a 24 |w stu87210_0003 | ||
| 996 | |b 284V023244 |c V*34992/O-14474a |l VVT |s A |a 24 |w stu87210_0004 | ||